| 000 | 00600nam a22001937a 4500 | ||
|---|---|---|---|
| 999 |
_c15027 _d15027 |
||
| 003 | OSt | ||
| 005 | 20200206101342.0 | ||
| 008 | 181211b ||||| |||| 00| 0 eng d | ||
| 022 | _a00116009 | ||
| 040 | _c0 | ||
| 082 | _aDPer 792.805 D19 Mar-Aug 2016 v.90, n.3-8 | ||
| 100 |
_aTraiger, Lisa. _933111 |
||
| 245 |
_aSo long, DC: _bAmerican dance institute moves to Catskill, New York/ _cLisa Traiger. |
||
| 260 |
_aNew York: _bDance Media, _c©Mar- Aug 2016. |
||
| 300 |
_av90 n6, page 18. _bcolored illustrations: _c25 cm. |
||
| 500 | _aDance magazine | ||
| 650 |
_aDance _933112 |
||
| 942 |
_2ddc _cPER |
||